000 00954nmc a2200301 a 4500
003 AR-BaBNM
005 20251128211251.0
008 123020s2002 ||||||||||||||000 | spa||
020 _a84-277-1385-1
040 _cAR-BaBNM
100 1 _aSegura Morales, Manuel
245 1 0 _aSer persona y relacionarse
_bhabilidades cognitivas y sociales, y crecimiento moral
260 _aMadrid
_bNarcea
_bMinisterio de Educación, Cultura y Deporte
_c2002
300 _a155 p.
_bil. tablas
490 0 _aMateriales 12-16 para educación secundaria. Orientación y tutoría
505 0 _tPlanteamiento teórico
505 0 _tActividades 13 a 14 años
505 0 _tActividades desde 15 años
650 4 _aDESARROLLO COGNOSCITIVO
650 4 _aORIENTACION ESCOLAR
650 4 _aADOLESCENCIA
650 4 _aRELACIONES SOCIALES
650 4 _aVALORES MORALES
651 4 _aEspaña
653 _aEDUCACION SECUNDARIA
942 _cBK
998 _craquel
999 _c18923
_d18923